Vista normal
Vista MARC
Entrada Materia (corporativa)
Número de registros utilizados en: 1
001 - CONTROL NUMBER
- control field: 77405
003 - CONTROL NUMBER IDENTIFIER
- control field: Co-BoUCM
005 - DATE AND TIME OF LATEST TRANSACTION
- control field: 20160525114533.0
008 - FIXED-LENGTH DATA ELEMENTS
- fixed length control field: 160525|| aca||aabn | a|a d
040 ## - CATALOGING SOURCE
- Original cataloging agency: Co-BoUCM
- Transcribing agency: Co-BoUCM
110 ## - HEADING--CORPORATE NAME
- Corporate name or jurisdiction name as entry element: Iglesia Católica
- Subordinate unit: Rota Romana
- General subdivision: Sentencias
670 ## - SOURCE DATA FOUND
- Source citation: Work cat.: (Co-BoUCM)68881: Iglesia Católica Rota Romana 39514, Sacrae Rotae Romanae Decisiones ... in duas partes distinctae., 1725